Normal view
MARC view
Entry Personal Name
001 - CONTROL NUMBER
- control field: 1577
003 - CONTROL NUMBER IDENTIFIER
- control field: BD-RjUL
005 - DATE AND TIME OF LATEST TRANSACTION
- control field: 20220224095345.0
008 - FIXED-LENGTH DATA ELEMENTS
- fixed length control field: 220224|| aca||aabn | a|a d
040 ## - CATALOGING SOURCE
- Original cataloging agency: BD-RjUL
- Transcribing agency: BD-RjUL
100 ## - HEADING--PERSONAL NAME
- Personal name: Ali, Md. Fazlul
670 ## - SOURCE DATA FOUND
- Source citation: Work cat.: (BD-RjUL)79454: Ali, Md. Fazlul, Relationship Between Politicians and Civil Servants in Bangladesh :, 2004